000 00315nam a2200121Ia 4500
008 230627s9999 xx 000 0 und d
041 _amar
082 _a346.015
_bRAO
100 _aRao, K P R
245 _aCommentary On The Family Courts Act, 1984
250 _a4ed.
260 _aHyderabad
_bGogia Law Agency
_c2006
999 _c688552
_d688552